All BombParty sub1's in english (with prompts) - Statistics

General Stats
  • This quiz has been taken 1,234 times
  • The average score is 44 of 197
Answer Stats
Prompt Solve % Correct
aaa aaargh
85%
awq / wqa / qaf awqaf
46%
ehh ehh
45%
mhm mhm
43%
hhh shhh
42%
bze subzero
42%
ajs / jsa dghajsa
41%
lqi jelqing
41%
uhh uhh
41%
uhm uhm
41%
eee skweee
39%
lqs jelqs
38%
bvs obvs
38%
fye fye
36%
agk / gke nagkesar
36%
gqo / qom gqom
35%
dbw / bwy gwyddbwyll
35%
iqq / qqu niqqud
35%
iqh / qh fiqh
34%
jjs hajjs
34%
ffk / fke offkey
34%
pff pfft
34%
php phpht
34%
bds rhabds
34%
qfs waqfs
34%
atx patxaran
33%
ahk ahkam
32%
ghk highkey
32%
omx / mx / mxn womxn
32%
rsz / szc / zcz barszcz
31%
djs hadjs
31%
huo huoguo
31%
iwr antiwrinkle
30%
hrj lehrjahre
30%
nxy minxy
30%
aoj shaojiu
30%
brs zubrs
30%
huu chuunibyou
29%
eiq leiqin
29%
fsu offsuit
29%
iil viili
29%
azk azkar
28%
iif coraciiform
28%
hby forthby
28%
qaq muhaqqaq
28%
lqa qalqalah
28%
qis qis
28%
hml rhythmless
28%
ixf sixfold
28%
kfs wakfs
28%
akj yakju
28%
dhk adhkar
27%
olx folx
27%
huq huqin
27%
kvl / vlt kvlt
27%
czk paczki
27%
eqs prereqs
27%
gds smaragds
27%
evb / vbe tevbe
27%
fge aufgehoben
26%
nfs confs
26%
oqs coqs
26%
giq indigiqueer
26%
luw / wuk luwuk
26%
dnj badnjak
25%
njy benjy
25%
gnf designful
25%
gij gijinka
25%
igk / gku honigkuchen
25%
hsy mathsy
25%
npn nonpneumatic
25%
jwe tajweed
25%
rcf / cfo arcform
24%
pci cevapcici
24%
ekm pekmez
24%
jii punjiing
24%
prs sexprs
24%
gqu changquan
23%
uhx / hx / hxi cuauhxicalli
23%
hky droshky
23%
mky dumky
23%
mds fremds
23%
mii gastrocnemii
23%
jjo jjolmyeon
23%
qvo miqvoth
23%
ekj pinnekjott
23%
nxl sphinxlike
23%
twp twp
23%
knj knjaz
22%
sbs lesbs
22%
ijw mijwiz
22%
izp mizpah
22%
obp / bpy obpyriform
22%
swy swy
22%
hko durchkomponiert
21%
lmj filmjolk
21%
gik gikun
21%
rrn kaiserschmarrn
21%
hss lachsschinken
21%
pfk / fku napfkuchen
21%
sml schismless
21%
jds slojds
21%
gpy songpyeon
21%
qle taqleed
21%
nqe tranqed
21%
vly vly
21%
rpw warpwise
21%
jno yajnopavita
21%
jza ajza'
20%
lfv alfvenic
20%
joz honjozo
20%
iyk kopiyka
20%
jle majles
20%
hsf mouthsful
20%
ltt neolttwigi
20%
phw phwoar
20%
tpn postpneumonic
20%
jyt ryijyt
20%
lzy schmalzy
20%
lzz ulzzang
20%
sns bosns
19%
mry bottomry
19%
ovg dovga
19%
qrs faqrs
19%
oqi fotiaoqiang
19%
mhs ollamhs
19%
tvy outvying
19%
ubx / bx / bxi subxiphoid
19%
pku bupkus
18%
spt claspt
18%
lzw edelzwicker
18%
uhg fuhgeddaboudit
18%
plj pljeskavica
18%
trh postrhinal
18%
qsi taqsim
18%
qim tsaddiqim
18%
kgw yakgwa
18%
xav hexavalent
17%
isz kumisz
17%
xtd nextdoor
17%
qau qaum
17%
xuc xuc
17%
ufw / fwu / wuc aufwuchs
16%
wfr bowfront
16%
sqs dumaresqs
16%
vho evhoe
16%
ygg hygge
16%
tbs qutbs
16%
ufn / fna suffixaufnahme
16%
jju tahajjud
16%
nsz transzonal
16%
yue / ueq / eqi yueqin
16%
voj / ojn dvojnice
15%
qlu maqluba
15%
ufc neufchatel
15%
uev quinquevalent
15%
wwi rowwise
15%
xdi sexdigital
15%
wwh skewwhiff
15%
okg tteokguk
15%
quh umquhile
15%
xiq xiqin
15%
xue guoxue
14%
ktz muktzeh
14%
wuw wuwei
14%
uhd zuhd
14%
ukj cheonggukjang
13%
vns eevns
13%
szy groszy
13%
uoa quoad
13%
szl szlachta
13%
uws vrouws
13%
ujj agujjim
12%
ukm hukm
12%
uuc makuuchi
12%
ycs mycs
12%
zhk pirozhki
12%
tzf sitzfleisch
12%
ynp synperiplanar
12%
zyd zydeco
12%
umj circumjacent
11%
ysv dysvascular
11%
viy domoviye
10%
ypk oscypki
10%
zls shlimazls
10%
wuj wuji
10%
yux yuxiang
10%
zuq buzuq
9%
wge mawger
9%
zuy mizuya
9%
zth tanztheater
9%
uzv uzvar
9%
ukg yukgaejang
9%
zbs hizbs
8%
yuj kyujitai
8%
zua mizuage
8%
quz quziqvo
6%
No matching quizzes found
Score Distribution
Percent of People with Each Score
Percentile by Number Answered
Your Score History
You have not taken this quiz